000 00463nab a2200145Ia 4500
003 ES-SlBCS
005 20210601125849.0
008 140529s1989 xxu||||| |||| 00| 0 fre d
041 _afre
100 1 _aImbert, Francis
_9165273
245 0 0 _aCritique de la science, critique de la philosophie chez J.-J. Rousseau
_c Francis Imbert
600 1 4 _aRousseau
_916777
773 0 _tArchives de Philosophie
_gvol. 52, nº. 2, 1989, págs. 203-230
_wRev1418
942 _cAR
999 _c537105
_d537105